World development report 2004 : (Record no. 346891)

000 -LEADER
fixed length control field 01771 a2200169 4500
020 ## - INTERNATIONAL STANDARD BOOK NUMBER
International Standard Book Number 082135468X (paperback)
020 ## - INTERNATIONAL STANDARD BOOK NUMBER
International Standard Book Number 9780821354681 (paperback)
082 04 - DEWEY DECIMAL CLASSIFICATION NUMBER
Classification number 338
245 10 - TITLE STATEMENT
Title World development report 2004 :
Remainder of title making services work for poor people /
250 ## - EDITION STATEMENT
Edition statement illustrated edition ed.
260 ## - PUBLICATION, DISTRIBUTION, ETC.
Place of publication, distribution, etc. [S.l.] :
Name of publisher, distributor, etc. A World Bank Publication,
Date of publication, distribution, etc. 2003.
300 ## - PHYSICAL DESCRIPTION
Extent 288 p. ;
Dimensions 28 cm.
520 ## - SUMMARY, ETC.
Summary, etc. The World Development Report 2004 investigates how countries can accelerate progress towards the Millennium Development Goals (MDGs) by making services work for poor people. Success in reaching the MDGs will depend not just on faster economic growth and the flow of sources, but on our ability to translate those resources into basic services, especially in health, education, water, and sanitation. Too often, the delivery of services falls far short of what could be achieved, due to issues such as weak incentives for performance, corruption, imperfect monitoring, and administrative logjams. Some countries have addressed the problem by involving poor people in service delivery; the results have been impressive. Giving parents input into their children's education, patients a say over hospital management, and making agency budgets transparent all contribute to improving outcomes in human development. Celebrating the successful innovations--while taking a hard look at some of the failures--this Report offers guidance to policymakers, donors, and citizens on improving the delivery of basic services. It serves to deepen understanding and highlight the importance of empowering and investing in poor people.
710 ## - ADDED ENTRY--CORPORATE NAME
Corporate name or jurisdiction name as entry element World Bank
856 40 - ELECTRONIC LOCATION AND ACCESS
Materials specified Amazon.com
Uniform Resource Identifier <a href="http://www.amazon.com/exec/obidos/ASIN/082135468X/chopaconline-20">http://www.amazon.com/exec/obidos/ASIN/082135468X/chopaconline-20</a>
942 ## - ADDED ENTRY ELEMENTS (KOHA)
Institution code [OBSOLETE] NBS
Koha item type Book
Call number prefix 332 DEV
Source of classification or shelving scheme
Holdings
Withdrawn status Lost status Source of classification or shelving scheme Damaged status Not for loan Permanent Location Current Location Shelving location Date acquired Total Checkouts Full call number Barcode Date last seen Date last checked out Price effective from Koha item type
          Central Library (CL) Central Library (CL) Economics 08/28/2013 1 330.9 WOR NBSD-219 11/22/2017 07/24/2017 08/28/2013 Book
© 2023 Central Library, National University of Sciences and Technology. All Rights Reserved.